000 00437nam a2200205Ia 4500
001 11761
003 GE_BSU
008 181216s||||||||xx |||||||||||||| ||und||
020 _a978007884216
040 _cGE_BSU
080 _a821.111-32.1
100 _aPatterson,James
245 _aBlack Market
260 _aLondon
260 _bHarper Collins
260 _c1998
300 _a400p.18cm.
653 _aBlack Market
942 _cBK
999 _c44940
_d44940